<?xml version="1.0" encoding="UTF-8"?><?xml-stylesheet type="text/xsl" href="static/style.xsl"?><OAI-PMH xmlns="http://www.openarchives.org/OAI/2.0/" xmlns:xsi="http://www.w3.org/2001/XMLSchema-instance" xsi:schemaLocation="http://www.openarchives.org/OAI/2.0/ http://www.openarchives.org/OAI/2.0/OAI-PMH.xsd"><responseDate>2026-06-07T16:54:01Z</responseDate><request verb="GetRecord" identifier="oai:docta.ucm.es:20.500.14352/107359" metadataPrefix="marc">https://docta.ucm.es/rest/oai/request</request><GetRecord><record><header><identifier>oai:docta.ucm.es:20.500.14352/107359</identifier><datestamp>2025-03-18T12:12:17Z</datestamp><setSpec>com_20.500.14352_14</setSpec><setSpec>col_20.500.14352_15</setSpec></header><metadata><record xmlns="http://www.loc.gov/MARC21/slim" xmlns:dcterms="http://purl.org/dc/terms/" xmlns:xsi="http://www.w3.org/2001/XMLSchema-instance" xmlns:doc="http://www.lyncode.com/xoai" xsi:schemaLocation="http://www.loc.gov/MARC21/slim http://www.loc.gov/standards/marcxml/schema/MARC21slim.xsd">
   <leader>00925njm 22002777a 4500</leader>
   <datafield ind2=" " ind1=" " tag="042">
      <subfield code="a">dc</subfield>
   </datafield>
   <datafield ind2=" " ind1=" " tag="720">
      <subfield code="a">Pedreño Santos, Ana</subfield>
      <subfield code="e">author</subfield>
   </datafield>
   <datafield ind2=" " ind1=" " tag="260">
      <subfield code="c">2024-07-24</subfield>
   </datafield>
   <datafield ind2=" " ind1=" " tag="520">
      <subfield code="a">In times of crisis such as a war, pandemic or meteorological hazard, companies face a double challenge: communicating with the consumer both from a commercial point of view and communicating to the consumer the instructions to follow derived from the risk situation. This research provides a conceptual and managerial overview of the components generating media impact in times of health crisis. Methodology: First, seventeen components are identified and grouped in three dimensions: content, format and organisation. We study the communication strategy of four shopping centres during the week of the reopening of the shopping centres after the COVID-19 pandemic lockdown of March-May 2020 in Madrid, Spain. Second, 164 news stories are analysed with a panel of experts and a principal component analysis, to determine the components of communication that present higher impact on media. Results: Shopping centres media visibility in times of crisis, increase by using intuitive content that generates learning and security, in a format that details instructions clearly. Conclusions: It is a must for companies to have previously worked on building credibility and brand awareness, in order get space in media during crisis periods.</subfield>
   </datafield>
   <datafield ind1="8" ind2=" " tag="024">
      <subfield code="a">Pedreño-Santos, A. (2024). Enhancing shopping centers’ media visibility. European Public &amp; Social Innovation Review, 9, 1–16. https://doi.org/10.31637/epsir-2024-390</subfield>
   </datafield>
   <datafield ind1="8" ind2=" " tag="024">
      <subfield code="a">10.31637/epsir-2024-390</subfield>
   </datafield>
   <datafield ind1="8" ind2=" " tag="024">
      <subfield code="a">https://hdl.handle.net/20.500.14352/107359</subfield>
   </datafield>
   <datafield ind1="8" ind2=" " tag="024">
      <subfield code="a">https://epsir.net/index.php/epsir/article/view/390</subfield>
   </datafield>
   <datafield ind1="8" ind2=" " tag="024">
      <subfield code="a">https://docta.ucm.es/rest/api/core/bitstreams/ece089f7-7394-4793-a20e-68a1a9078a02/content?authentication-token=eyJhbGciOiJIUzI1NiJ9.eyJlaWQiOiIxZTM4ZDA2Yy0xMjA5LTRiODAtYjdkNi03NjRjOGE0ZWY1ZjMiLCJzZyI6WyJjZjI0MzJkZi0xZTM2LTRmMDQtYmI3ZC03OTNiMzMyYTE4ZTkiXSwiYXV0aGVudGljYXRpb25NZXRob2QiOiJzaGliYm9sZXRoIiwiZXhwIjoxNzIyNTA1NDEyfQ.RASlYTz4dWOzNz3D2NkOuouCLVG-CMPmxvDBHS-_3ek</subfield>
   </datafield>
   <datafield ind2="0" ind1="0" tag="245">
      <subfield code="a">Enhancing shopping centers media visibility</subfield>
   </datafield>
</record></metadata></record></GetRecord></OAI-PMH>